| 000 | 01049nam a2200265 a 4500 | ||
|---|---|---|---|
| 001 | 000005681 | ||
| 003 | DO-SdBPM | ||
| 005 | 20241112103957.0 | ||
| 008 | 090821s1995 dr 000 0 spa d | ||
| 040 |
_aDO-SdBPM _bspa _cBPMSU |
||
| 082 | 4 |
_a351.05 _bC947g, 1995 _222 |
|
| 245 | 0 | 0 |
_aCronología de la Gaceta Oficial y la Consultoría Jurídica del Poder Ejecutivo (1851-1993) / _ccorrección Alejandro Quezada Peña, Isidro Germán ; prólogo Pedro Romero Confesor. |
| 260 |
_aSanto Domingo : _bAmigo del Hogar, _c1993. |
||
| 300 |
_a254 p. ; _c22 cm. |
||
| 504 | _aBibliografia : p. 245-254 | ||
| 590 | _aInventariado,2024/VM | ||
| 650 | 4 |
_aGacetas oficiales _y1851-1993 _vCronología |
|
| 650 | 4 |
_aPublicaciones oficiales _zRepública Dominicana _y1851-1883 |
|
| 651 | 4 |
_aRepública Dominicana _xGaceta oficial _y1851-1993 |
|
| 700 | 1 |
_aQuezada Peña, Alejandro, _ecorrección |
|
| 700 | 1 |
_aGermán, Isidro, _ecorrección |
|
| 700 | 1 |
_aRomero Confesor, Pedro, _eprólogo |
|
| 910 | _aVMateo V. Control de calidad. BPMSU | ||
| 942 |
_2ddc _cBK |
||
| 999 |
_c14860 _d14860 |
||